00511cam a22002057a 4500003000500000005001700005008004100022010001000063011001000073035001000083040000900093082001600102100001600118245002500134260003200159300003000191490002400221650003600245830002400281CHAP20220329135717.0971013s1963 r 00010 d a40951 a41923 a46049 cCHAP a581.134bF600aFogg, G. E.14aThe growth of plants aMiddlesex :bPenguin,c1963 a288 p.b: ilus. ; láms. 0aPelican books, A56014aPlantasxCrecimientoxAditivos.0 aPelican books, A560